Ceramics based on titanium nitride and silicon nitride sintered by SPS-method; IOP Conference Series: Materials Science and Engineering; Vol. 93: Modern Technique and Technologies (MTT'2015)
| Parent link: | IOP Conference Series: Materials Science and Engineering Vol. 93: Modern Technique and Technologies (MTT'2015).— 2015.— [012030, 6 p.] |
|---|---|
| Auteur principal: | |
| Collectivité auteur: | |
| Autres auteurs: | , |
| Résumé: | Title screen The dependences of the microstructure and physical and mechanical properties of ceramic mixtures Si[3]N[4]/TiN in the full range of mass ratios of the components. Was also investigated directly, and the process of sintering occurring during a physical or chemical processes, in particular, has been obtained and the hardness of the material density on the ratio of the conductive titanium nitride phase and a silicon nitride insulating phase with values above and below the percolation threshold. Also obtained was pure ceramics based on titanium nitride with high physical-mechanical characteristics (H=21.5 GPa). Режим доступа: по договору с организацией-держателем ресурса |
| Langue: | anglais |
| Publié: |
2015
|
| Collection: | Materials and technologies new generations |
| Sujets: | |
| Accès en ligne: | http://dx.doi.org/10.1088/1757-899X/93/1/012030 http://earchive.tpu.ru/handle/11683/19997 |
| Format: | Électronique Chapitre de livre |
| KOHA link: | https://koha.lib.tpu.ru/cgi-bin/koha/opac-detail.pl?biblionumber=644537 |
MARC
| LEADER | 00000nla2a2200000 4500 | ||
|---|---|---|---|
| 001 | 644537 | ||
| 005 | 20240215111337.0 | ||
| 035 | |a (RuTPU)RU\TPU\network\9618 | ||
| 035 | |a RU\TPU\network\9617 | ||
| 090 | |a 644537 | ||
| 100 | |a 20151119a2015 k y0engy50 ba | ||
| 101 | 0 | |a eng | |
| 105 | |a a z 101zy | ||
| 135 | |a drcn ---uucaa | ||
| 181 | 0 | |a i | |
| 182 | 0 | |a b | |
| 200 | 1 | |a Ceramics based on titanium nitride and silicon nitride sintered by SPS-method |f A. A. Sivkov, D. Yu. Gerasimov, A. A. Evdokimov | |
| 203 | |a Text |c electronic | ||
| 225 | 1 | |a Materials and technologies new generations | |
| 300 | |a Title screen | ||
| 320 | |a [References: 18 tit.] | ||
| 330 | |a The dependences of the microstructure and physical and mechanical properties of ceramic mixtures Si[3]N[4]/TiN in the full range of mass ratios of the components. Was also investigated directly, and the process of sintering occurring during a physical or chemical processes, in particular, has been obtained and the hardness of the material density on the ratio of the conductive titanium nitride phase and a silicon nitride insulating phase with values above and below the percolation threshold. Also obtained was pure ceramics based on titanium nitride with high physical-mechanical characteristics (H=21.5 GPa). | ||
| 333 | |a Режим доступа: по договору с организацией-держателем ресурса | ||
| 461 | 0 | |0 (RuTPU)RU\TPU\network\2008 |t IOP Conference Series: Materials Science and Engineering | |
| 463 | 0 | |0 (RuTPU)RU\TPU\network\9450 |t Vol. 93: Modern Technique and Technologies (MTT'2015) |o 21th International Conference for Students and Young Scientists, 5-9 October 2015, Tomsk |o [proceedings] |v [012030, 6 p.] |d 2015 | |
| 610 | 1 | |a электронный ресурс | |
| 610 | 1 | |a труды учёных ТПУ | |
| 610 | 1 | |a керамика | |
| 610 | 1 | |a нитрид титана | |
| 610 | 1 | |a нитрид кремния | |
| 610 | 1 | |a спекание | |
| 610 | 1 | |a твердость | |
| 610 | 1 | |a перколяция | |
| 700 | 1 | |a Sivkov |b A. A. |c Specialist in the field of electric power engineering |c Professor of Tomsk Polytechnic University, Doctor of technical sciences |f 1951- |g Aleksandr Anatolyevich |3 (RuTPU)RU\TPU\pers\32273 |9 16262 | |
| 701 | 1 | |a Gerasimov |b D. Yu. |c Specialist in the field of electric power engineering |c Associate Professor of Tomsk Polytechnic University, Candidate of technical sciences |f 1980- |g Dmitry Yurievich |3 (RuTPU)RU\TPU\pers\32276 |9 16265 | |
| 701 | 1 | |a Evdokimov |b A. A. |c Specialist in the field of electric power engineering |c Laboratory assistant of Tomsk Polytechnic University |f 1987- |g Andrey Anatolievich |3 (RuTPU)RU\TPU\pers\32275 |9 16264 | |
| 712 | 0 | 2 | |a Национальный исследовательский Томский политехнический университет (ТПУ) |b Энергетический институт (ЭНИН) |b Кафедра электроснабжения промышленных предприятий (ЭПП) |3 (RuTPU)RU\TPU\col\18676 |
| 801 | 2 | |a RU |b 63413507 |c 20161122 |g RCR | |
| 856 | 4 | 0 | |u http://dx.doi.org/10.1088/1757-899X/93/1/012030 |
| 856 | 4 | 0 | |u http://earchive.tpu.ru/handle/11683/19997 |
| 942 | |c CF | ||